00190nam a22000857a 4500082001400000100001400014245002700028250001400055260003500069 a030 GRE'H aJOWETT, B aTHE DIALOGUES OF PLATS a7 VOLUMES aCHICAGObWILLIAM BENTON c1952